书目信息 |
| 题名: |
机械设计与测量综合实验
|
|
| 作者: | 邹德芳, , 王卿源 主编 | |
| 分册: | ||
| 出版信息: | 北京 中国建筑工业出版社 2025.01 |
|
| 页数: | 184页 | |
| 开本: | 26cm | |
| 丛书名: | 高等学校系列教材 | |
| 单 册: | ||
| 中图分类: | TH122-33 , TG806-33 | |
| 科图分类: | ||
| 主题词: | 机械设计--ji xie she ji--实验--高等学校--教材 , 技术测量--ji shu ce liang--实验--高等学校--教材 | |
| 电子资源: | ||
| ISBN: | 978-7-112-30552-0 | |
| 000 | 01353nam 2200289 450 | |
| 001 | 89402 | |
| 005 | 20250814142821.00 | |
| 010 | @a978-7-112-30552-0@dCNY36.00 | |
| 100 | @a20250212d2025 em y0chiy50 ea | |
| 101 | 0 | @achi |
| 102 | @aCN@b110000 | |
| 105 | @aa z 000yy | |
| 106 | @ar | |
| 200 | 1 | @a机械设计与测量综合实验@Aji xie she ji yu ce liang zong he shi yan@f邹德芳, 王卿源主编 |
| 210 | @a北京@c中国建筑工业出版社@d2025.01 | |
| 215 | @a184页@c图@d26cm | |
| 225 | 2 | @a高等学校系列教材@Agao deng xue xiao xi lie jiao cai |
| 330 | @a本书是一部面向机械类专业学生的综合实验教材, 聚焦机械制图、机械设计、机械精度设计与测量技术等专业基础课程, 以经典轴系模型为载体, 按照零件测绘、质量检测、轴系设计的流程来串联知识点, 形成系统性、综合性、集成性的实验教学脉络, 有助于培养学生的动手能力、工程实践能力和创新能力。内容涵盖轴、齿轮、箱体等零件的测绘及其精度测量、轴系设计、机械传动实验, 配合计算机辅助设计和现代测量技术应用, 全面提升学生解决复杂工程问题的能力。 | |
| 410 | 0 | @12001 @a高等学校系列教材 |
| 606 | 0 | @a机械设计@Aji xie she ji@x实验@x高等学校@j教材 |
| 606 | 0 | @a技术测量@Aji shu ce liang@x实验@x高等学校@j教材 |
| 690 | @aTH122-33@v5 | |
| 690 | @aTG806-33@v5 | |
| 701 | 0 | @a邹德芳,@Azou de fang@f1978-@4主编 |
| 701 | 0 | @a王卿源@Awang qing yuan@4主编 |
| 801 | 0 | @aCN@c20250909 |
| 905 | @a河南城建学院图书馆@dTH122-33@eZ965@f1 | |
| 机械设计与测量综合实验/邹德芳, 王卿源主编.-北京:中国建筑工业出版社,2025.01 |
| 184页:图;26cm.-(高等学校系列教材) |
| ISBN 978-7-112-30552-0:CNY36.00 |
| 本书是一部面向机械类专业学生的综合实验教材, 聚焦机械制图、机械设计、机械精度设计与测量技术等专业基础课程, 以经典轴系模型为载体, 按照零件测绘、质量检测、轴系设计的流程来串联知识点, 形成系统性、综合性、集成性的实验教学脉络, 有助于培养学生的动手能力、工程实践能力和创新能力。内容涵盖轴、齿轮、箱体等零件的测绘及其精度测量、轴系设计、机械传动实验, 配合计算机辅助设计和现代测量技术应用, 全面提升学生解决复杂工程问题的能力。 |
| ● |
| 相关链接 |
|
|
|
正题名:机械设计与测量综合实验
索取号:TH122-33/Z965
 
预约/预借
| 序号 | 登录号 | 条形码 | 馆藏地/架位号 | 状态 | 备注 |
| 1 | 1623364 | 216233644 | 自科库501/501自科库 34排3列5层/ [索取号:TH122-33/Z965] | 在馆 |